• 首页
  • 本馆介绍
  • 公告通知
  • 最新文献
  • 馆藏检索
  • 电子资源
  • 读者导购
  • 参考咨询
  • 我的图书馆
  • 登录
  • 详细信息显示
  • 放入我的书架
  • 预约/预借图书
  • 作者相关作品
  • 分类相关作品
  • 丛书相关作品
  • 出版社相关作品

书目信息

  • 表格格式
  • 工作单格式
  • 卡片格式
题名:
Vivado入门与FPGA设计实例
    
 
作者: 廉玉欣 编著
分册:  
出版信息: 北京   电子工业出版社  2018
页数: 282页
开本: 26cm
丛书名:
单 册:
中图分类: TP332.1
科图分类:
主题词: 可编程序逻辑阵列--系统设计--高等教育--教材
电子资源:
ISBN: 978-7-121-34768-9
000 00932nam0 2200241 450
001 2344177354
005 20231129121631.75
010    @a978-7-121-34768-9@dCNY48.00
100    @a20181129d2018 em y0chiy50 ea
101 0  @achi
102    @aCN@b110000
105    @aa z 000yy
200 1  @aVivado入门与FPGA设计实例@AVivado ru men yu FPGA she ji shi li@f廉玉欣[等]编著
210    @a北京@c电子工业出版社@d2018
215    @a282页@c图@d26cm
300    @a普通高等教育“十三五”规划教材 电子信息科学与工程类专业规划教材
304    @a编著者还有:侯博雅、王猛、侯云鹏
330    @a本书主要内容包括:硬件开发平台介绍、Vivado软件平台介绍、FPGA设计实例、组合逻辑电路设计实例、时序逻辑电路设计实例、数字逻辑设计和接口实例及数字逻辑综合实验。
606 0  @a可编程序逻辑阵列@x系统设计@x高等教育@j教材
690    @aTP332.1@v5
701  0 @a廉玉欣@Alian yu xin@f(1980-)@4编著
801  0 @aCN@b山东中教@c20231126
905    @aBZT@dTP332.1@e9
    
    Vivado入门与FPGA设计实例/廉玉欣[等]编著.-北京:电子工业出版社,2018
    282页:图;26cm
    普通高等教育“十三五”规划教材 电子信息科学与工程类专业规划教材
    
    ISBN 978-7-121-34768-9:CNY48.00
    本书主要内容包括:硬件开发平台介绍、Vivado软件平台介绍、FPGA设计实例、组合逻辑电路设计实例、时序逻辑电路设计实例、数字逻辑设计和接口实例及数字逻辑综合实验。
●
相关链接 在五车中查询图书 在当当中查询图书 在豆瓣中查询图书


正题名:Vivado入门与FPGA设计实例     索取号:TP332.1/9         预约/预借

序号 登录号 条形码 馆藏地/架位号 状态 备注
1 2001145129   2001145129   中教(第二批第二书库)/山东中教(第二书库)/647/ [索取号:TP332.1/9] 在馆    
2 2001145130   2001145130   中教(第二批第二书库)/山东中教(第二书库)/647/ [索取号:TP332.1/9] 在馆    
3 2001145131   2001145131   中教(第二批第二书库)/山东中教(第二书库)/647/ [索取号:TP332.1/9] 在馆    
4 2001145132   2001145132   中教(第二批第二书库)/山东中教(第二书库)/647/ [索取号:TP332.1/9] 在馆    
5 2001145133   2001145133   中教(第二批第二书库)/山东中教(第二书库)/647/ [索取号:TP332.1/9] 在馆    
6 2001145134   2001145134   中教(第二批第二书库)/山东中教(第二书库)/647/ [索取号:TP332.1/9] 在馆    
7 2001145135   2001145135   中教(第二批第二书库)/山东中教(第二书库)/647/ [索取号:TP332.1/9] 在馆    
8 2001145136   2001145136   中教(第二批第二书库)/山东中教(第二书库)/647/ [索取号:TP332.1/9] 在馆    
9 2001145137   2001145137   中教(第二批第二书库)/山东中教(第二书库)/647/ [索取号:TP332.1/9] 在馆    
10 2001145138   2001145138   中教(第二批第二书库)/山东中教(第二书库)/647/ [索取号:TP332.1/9] 在馆    
11 2001145139   2001145139   中教(第二批第二书库)/山东中教(第二书库)/647/ [索取号:TP332.1/9] 在馆    
12 2001145140   2001145140   中教(第二批第二书库)/山东中教(第二书库)/647/ [索取号:TP332.1/9] 在馆    
山东省滨州职业学院图书馆 欢迎您!
大连网信软件有限公司© 版权所有